Logo BPK

Biblioteka

Politechniki Koszalińskiej

Podstawy finansów przedsiębiorstw. (Rekord nr 36382)

Szczegóły MARC
000 -ETYKIETA REKORDU
podpole kontrolne o stałej długości 00935nam a2200277 i 4500
001 - NUMER KONTROLNY REKORDU
pole kontrolne bg
020 ## - MIĘDZYNARODOWY ZNORMALIZOWANY NUMER KSIĄŻKI - ISBN
ISBN 8301127279
040 ## - ŹRÓDŁO KATALOGOWANIA
Instytucja, która utworzyła rekord BPK
041 1# - KOD JĘZYKA
Kod języka tekstu pl
Kod języka oryginału en
080 ## - UNIWERSALNA KLASYFIKACJA DZIESIĘTNA - UKD
UKD 658.14/.17:336
920 ## - Międzynarodowy znormalizowany numer książki – ISBN
ISBN 83-01-12727-9
008 - POLE O STAŁEJ DŁUGOŚCI - DANE KONTROLNE
podpole kontrolne o stałej długości s pl f |000 0 pol
100 1# - NAZWA OSOBOWA
Nazwa osobowa BREALEY, Richard A.
245 10 - TYTUŁ/ODPOWIEDZIALNOŚĆ
Tytuł Podstawy finansów przedsiębiorstw.
Oznaczenie części/sekcji dzieła T. 1 /
Pozostałe elementy strefy tytułu i oznaczenia odpowiedzialności Richard A. Brealey, Stewart C. Myers ; przekł. [z ang.] Jerzy Katolik.
246 ## - WARIANT TYTUŁU
Treść wyrażenia wprowadzającego Tyt. oryg.:
Tytuł Principles of corporate finance
260 ## - STREFA ADRESU WYDAWNICZEGO
Miejsce wydania Warszawa :
Nazwa wydawcy/dystrybutora Wydaw. Naukowe PWN,
Data publikacji, dystrybucji/powstania dokumentu 1999.
300 ## - STREFA OPISU FIZYCZNEGO
Objętość 763, [1] s. :
Inne cechy fizyczne 1 faks., rys., wykr. (w tym kolor.) ;
Rozmiary 25 cm.
490 1# - STREFA SERII I DOKUMENTU WIELOCZĘŚCIOWEGO - FORMA NIE DO WYSZUKIWANIA
Tytuł i oznaczenie odpowiedzialności serii Przedsiębiorczość
500 ## - UWAGI OGÓLNE
Tekst uwagi Tyt. oryg.: "Principles of corporate finance".
504 ## - UWAGA DOTYCZĄCA BIBLIOGRAFII
Informacje o bibliografii Bibliogr. przy rozdz. - Indeks.
650 #9 - HASŁO PRZEDMIOTOWE W FORMIE NAZWY OGÓLNEJ LUB JEDNOSTKOWEJ
Nazwa ogólna lub geograficzna Finanse
Określnik ogólny zagadnienia
650 #9 - HASŁO PRZEDMIOTOWE W FORMIE NAZWY OGÓLNEJ LUB JEDNOSTKOWEJ
Nazwa ogólna lub geograficzna Przedsiębiorstwo
Określnik ogólny finanse
700 1# - HASŁO DODATKOWE - NAZWA OSOBOWA
Nazwa osobowa MYERS, Stewart C.
830 ## - HASŁO DODATKOWE SERII LUB DOKUMENTU WIELOCZĘŚCIOWEGO - TYTUŁ UJEDNOLICONY
Tytuł ujednolicony Przedsiębiorczość
856 ## - LOKALIZACJA I DOSTĘP DO ELEKTRONICZNYCH DOKUMENTÓW ZDALNYCH
Link (URL) http://koha.tu.koszalin.pl/cgi-bin/koha/opac-detail.pl?biblionumber=36382
Tekst linku Katalog online BPK
942 ## - DODATKOWE ELEMENTY (KOHA)
Typ dokumentu Książka
Egzemplarze
Wycofany Status egzemplarza Uszkodzony Dostępność Lokalizacja stała Lokalizacja bieżąca Miejsce przechowywania Sygnatura Kod kreskowy Dział Typ dokumentu
      Tylko na miejscu Biblioteka Politechniki Koszalińskiej Biblioteka Politechniki Koszalińskiej Czytelnia Wydziałowa ul. Kwiatkowskiego 6e 50709 01455281 658.14/.17 Finanse przedsiębiorstwa Książka
© 2023 Biblioteka Politechniki Koszalińskiej :: KOHA